Vergangenheit und Gegenwart Tibets

Bibliographic Details
Format: Video DVD
Language:Chinese
German
PhysicalDescription:1 DVD
Published: Beijing China Intercontinental Audiovisual Press [2010?]
ISBN:9787887462046
Subjects:
DVD

MARC

LEADER 00000ngm a2200000 4500
001 vtls011782077
003 SK-MaSNL
005 20260301183701.0
007 vd uvuizu
008 181002q2010 cc 000 vlchi
020 |a 9787887462046 
028 4 2 |a CN-M51-08-0019-8/V.G 
040 |a SNK  |b slo  |c SNK  |e rda 
041 0 |a chi  |a ger 
044 |a cc  |c CN 
245 0 0 |a Vergangenheit und Gegenwart Tibets 
264 1 |a Beijing  |b China Intercontinental Audiovisual Press  |c [2010?] 
300 |a 1 DVD 
336 |a dvojrozmerný pohyblivý obraz  |b tdi  |2 rdacontent 
337 |a video  |b v  |2 rdamedia 
338 |a videodisk  |b vd  |2 rdacarrier 
500 |a [Približný rok vydania zistený/odhadnutý mimo popisovanej prezentácie.] 
655 7 |a DVD  |2 SNKPH  |9 70751 
919 |a 978-7-88746-204-6 
999 |c 857926  |d 859856 
952 |a SNK  |b SNK  |y PREZ  |7 0  |p 17A1336334  |o snkIDVD 355  |i snk2018/19756  |8 1  |0 0  |1 0  |4 0  |d 2018-10-02  |l 0  |r 2026-02-24 05:02:32  |w 2026-02-24